000 00441nam a22001457a 4500
005 20251204110455.0
008 251204b |||||||| |||| 00| 0 eng d
020 _a9781250854391
082 _aDFic As31 2023
100 _aAsh, Laura Spence.
_969415
245 _aBeyond that, the sea :
_ba novel /
_cLaura Spence-Ash.
260 _aNew York :
_bCeladon Books,
_c©2023.
300 _a351 pages :
_billustrations ;
_c21 cm.
942 _2ddc
_cDFIC
999 _c24208
_d24208